header

Nondestructive testing of food quality (Record no. 77781)

MARC details
000 -LEADER
fixed length control field 01418nam a2200373Ia 4500
082 04 - DEWEY DECIMAL CLASSIFICATION NUMBER
Classification number 664/.117
245 00 - TITLE STATEMENT
Title Nondestructive testing of food quality
250 ## - EDITION STATEMENT
Edition statement 1st ed.
260 ## - PUBLICATION, DISTRIBUTION, ETC. (IMPRINT)
Place of publication Ames, Iowa :
Name of publisher Blackwell Pub./IFT Press,
Year of publication 2008.
300 ## - PHYSICAL DESCRIPTION
Number of Pages xiii, 364 p. :
Other physical details ill.
490 1# - SERIES STATEMENT
Series statement IFT Press series
650 #0 - SUBJECT ADDED ENTRY--TOPICAL TERM
Topical Term Food adulteration and inspection.
Topical Term Food industry and trade
Topical Term Food
700 1# - ADDED ENTRY--PERSONAL NAME
Personal name Irudayaraj, Joseph,
Personal name Reh, Christoph.
856 40 - ELECTRONIC LOCATION AND ACCESS
Uniform Resource Identifier http://site.ebrary.com/lib/rucke/Doc?id=10296645

No items available.

© 2026 Rongo University
Contact us: librarian | system librarian | Rongo university